Materiálno-technická základňa v rozvoji cestovného ruchu 3. medzinárodná konferencia o cestovnom ruchu. Zborník. 2. sekcie. Vysoké Tatry, Štrbské Pleso, hotel Patria 25.-27.11. 1986
Na minha lista:
| Formato: | Livro |
|---|---|
| Idioma: | eslovaco |
| Publicado em: |
Banská Bystrica
Dom techn. ČSVTS
1986
|
| Edição: | 1. vyd. |
| Tags: |
Sem tags, seja o primeiro a adicionar uma tag!
|
MARC
| LEADER | 00000nam a2200000 4500 | ||
|---|---|---|---|
| 001 | c029890 | ||
| 005 | 20221219100607.3 | ||
| 041 | 0 | |a slo | |
| 044 | |a SK | ||
| 245 | 1 | 0 | |a Materiálno-technická základňa v rozvoji cestovného ruchu |b 3. medzinárodná konferencia o cestovnom ruchu. Zborník. 2. sekcie. Vysoké Tatry, Štrbské Pleso, hotel Patria 25.-27.11. 1986 |
| 250 | |a 1. vyd. | ||
| 264 | 1 | |a Banská Bystrica |b Dom techn. ČSVTS |c 1986 | |
| 300 | |a 208 s. | ||